Statistics for Superheroes/superhero teams by clue

Click here to take the quiz!

General Stats

  • This quiz has been taken 321 times
  • The average score is 13 of 15

Answer Stats

HintAnswer% Correct
Parents died at a young age.batman
99%
Rich man with many metal suits.iron man
99%
Government experimental supersodier from WWIIcaptain america
98%
The 'sidekick' of above.robin
98%
God of thunder.thor
94%
Can run near the spped of light.Flash
93%
Alien from krypton with many powers.superman
93%
Human torch, ivisible woman, mr fantastic, thing (team)fantastic four
89%
Man with long metal claws.wolverine
89%
A group of the god of thunder, man with suits, super soldier, and the scientist all from earlier in the quiz. (team)avengers
88%
A team of mutants fighting against the bad mutants (team)xmen
87%
The ring gives him his powers.green lantern
84%
Part man part robot.cyborg
80%
Scientist who tried to recreate serum of above.hulk
63%
Empath that can teleport and control her 'soul-self to fight away from her body.raven
32%

Score Distribution

Percentile by Number Answered

Percent of People with Each Score

Your Score History

You have not taken this quiz